|
|
|
|
| LEADER |
00000nam a2200000 4500 |
| 001 |
vtls012077210 |
| 003 |
SK-MaSNL |
| 005 |
20260425224355.0 |
| 008 |
211112s2013 au frn 000 0 ger |
| 015 |
|
|
|a SNBZSA2024/01
|
| 020 |
|
|
|a 9783848707157
|q (Nomos ;
|q brožované)
|
| 020 |
|
|
|a 9783708910406
|q (facultas.wuv ;
|q brožované)
|
| 040 |
|
|
|a SNK
|b slo
|c SNK
|e rda
|
| 041 |
0 |
|
|a ger
|
| 043 |
|
|
|a ec-----
|a ee-----
|
| 044 |
|
|
|a au
|c AT
|
| 072 |
|
7 |
|a 347
|x Súkromné právo
|2 konspekt
|
| 080 |
|
|
|a 347.721
|2 2011
|
| 080 |
|
|
|a (4-191.2)
|2 2011
|
| 080 |
|
|
|a (4-11)
|2 2011
|
| 080 |
|
|
|a (048.8:082)
|2 2011
|
| 080 |
|
|
|a 347.51
|2 2011
|
| 245 |
0 |
0 |
|a Haftungsrisiken für die Konzernmutter in Mittel- und Osteuropa
|c Martin Winner (Hg.)
|
| 264 |
|
1 |
|a [Baden-Baden]
|b Nomos
|a Wien
|b facultas.wuv
|c 2013
|
| 300 |
|
|
|a 809 strán
|c 23 cm
|
| 336 |
|
|
|a text
|b txt
|2 rdacontent
|
| 337 |
|
|
|a bez média
|b n
|2 rdamedia
|
| 338 |
|
|
|a zväzok
|b nc
|2 rdacarrier
|
| 500 |
|
|
|a Údaj o mieste vydania zistený z externých zdrojov. Zoznam skratiek
|
| 504 |
|
|
|a Bibliografia za jednotlivými kapitolami. Bibliografické odkazy
|
| 650 |
0 |
7 |
|a holdingové spoločnosti
|2 SNKPH
|9 4625
|
| 650 |
0 |
7 |
|a právna zodpovednosť
|2 SNKPH
|9 4534
|
| 650 |
0 |
7 |
|a Legal responsibility
|2 SNKPHeng
|9 303004
|
| 651 |
|
7 |
|a Európa stredná
|2 SNKPHgeo
|9 23970
|
| 651 |
|
7 |
|a Európa východná
|2 SNKPHgeo
|9 167635
|
| 651 |
|
7 |
|a Europe, Central
|2 SNKPHeng
|9 98219
|
| 651 |
|
7 |
|a Europe, Eastern
|2 SNKPHeng
|9 229905
|
| 655 |
|
7 |
|a kolektívne monografie
|2 SNKPH
|9 249850
|
| 655 |
|
7 |
|a Collective monographs
|2 SNKPHeng
|9 125747
|
| 700 |
1 |
|
|a Winner, Martin
|4 edt
|9 367546
|
| 852 |
|
|
|a Slovenská národná knižnica
|
| 919 |
|
|
|a 978-3-8487-0715-7
|
| 919 |
|
|
|a 978-3-7089-1040-6
|
| 954 |
|
|
|a odborná, vedecká literatúra cudzojazyčná (svetová)
|2 lita
|
| 954 |
|
|
|a odborná, vedecká literatúra pôvodná (slovenská)
|2 lita
|
| 958 |
|
|
|a ZS
|
| 958 |
|
|
|a NB
|
| 999 |
|
|
|c 611921
|d 613851
|
| 952 |
|
|
|a SNK
|b SNK
|y PREZ
|7 0
|p 17A1308977
|o snkSC 198303
|i snk2022/11220
|8 4
|g 136.19
|0 0
|1 0
|4 0
|d 2021-11-12
|l 0
|r 2025-10-21 00:00:00
|w 2026-02-23
|